Henryk Luft (1877-1934)

Titel: Henryk Luft (1877-1934) : Budowniczy warszawsko-kolneński
Verfasser:
In: Studia Łomżyńskie, Band 16 (2005), Seite 101-104
alle Artikel anzeigen
Veröffentlicht: 2005 [2006]
Format: Aufsatz
Sprache: Polnisch
Kein Bild verfügbar
X
alg: 39434870
001A    $01999:12-11-16 
001B    $01999:29-05-21 $t17:48:30.000 
001D    $01999:12-11-16 
001U    $0utf8 
001X    $00 
002@    $0Aox 
003@    $0394348702 
007A    $0394348702 $aHEB 
007T    $0Herdkk00014435 
010@    $apol 
011@    $a2005 $n2005 [2006] 
021A    $aHenryk Luft (1877-1934) $dBudowniczy warszawsko-kolneński 
028A    $aGwardiak $dJanusz 
031A    $d16 $h101-104 $j2005 
039B    $aIn $8--Abvc--. Studia Łomżyńskie. - Łomża : LTN, 1989-. - ISSN 0860-7249 $x200500000160000899 $922006993X 
045F    $a929.09438 $eDDC23BSB 
045F/01 $a929 
045F/03 $g438 

lok: 39434870 78

exp: 39434870 78 1 #EPN
201B/01 $008-11-17 $t21:45:56.000 
201U/01 $0utf8 
203@/01 $0790459213 
208@/01 $a12-11-16 $be 
209A/01 $a/ $f000 $x00 
220C/01 $aTitelaufnehmer: pbb 
220C/01 $aHerkunft: PBB/IH PAN 
244Z/01 $2Trx $#Poola $#Lenkija $#Polija $#Polen Land $#Poland $#Lengyelország $#Poľsko $#Polsko $8--Trx--Polska$gkraj $x01 $9391345966 
244Z/01 $#Warschau $#Warszawa $#Warszowa $#Varšava $#Varsovia $#Varsavia $#Varšavaq $#Varsó $#Miasto Stołeczne Warszawa $#Varsovie $#Warsaw $#Varšava $#Varšuva $#Varssavi $74079048-4 $8--Tg1--Warschau $x02 $9085224332 
244Z/01 $2Trx $8--Trx--Kolno$gŁomża $x03 $9391255630 
244Z/01 $2Trx $8--Trx--Luft, Henryk$Z1877-1934 $x04 $9390595551 
244Z/01 $2Trx $#arhitektid $#architektai $#architects $#épitészek $#architekci $#architekti $#architekti $8--Trx--Architekten $x05 $9391365967 
244Z/01 $2Trx $8--Trx--Zeitschriftenaufsatz $x06 $9391384341 
245Z/01 $a12.03 $x01 
247C/01 $82080>Marburg/Lahn, Herder-Institut, Forschungsbibliothek, Bibliographieportal $9336309341
LEADER 00000caa a22000002c 4500
001 394348702
003 DE-603
005 20210529174830.0
007 tu
008 161112s2005 xx |||| | u00||u|pol c
035 |a (DE-599)HEB394348702 
040 |a DE-603  |b ger  |c DE-603  |d DE-603 
041 |a pol 
082 0 4 |8 1\u  |a 929.09438  |q DE-101  |2 23/BSB 
085 |8 1\u  |b 929 
085 |8 1\u  |z 2  |s 438 
100 1 |a Gwardiak, Janusz 
245 0 0 |a Henryk Luft (1877-1934)  |b Budowniczy warszawsko-kolneński 
264 0 |c 2005 [2006] 
773 0 8 |i In  |t Studia Łomżyńskie  |d Łomża : LTN, 1989-  |x 0860-7249  |g Band 16 (2005), Seite 101-104  |w (DE-603)22006993X  |w (DE-600)2535583-1 
924 0 |9 2080  |a (DE-603)790459213  |b DE-2080  |c HES  |d d  |g /